000 00444nam a2200145Ia 4500
008 100204s9999 xx 000 0 und d
082 _b5499
100 _aप्रभू बबन
245 _aघोळात घोळ
260 _b"मेहता पब्लिशिंग हाऊस , पुणे"
_c1978
300 _a75
630 _aघोळात घोळ
730 _aघोळात घोळ
942 _cBOOK
999 _c450076
_d450073